[Event "FIDE Open World Blitz 2021"]
[Site "Warsaw"]
[Date "2021.12.30"]
[Round "15.9"]
[White "Onyshchuk, Volodymyr"]
[Black "Firouzja, Alireza"]
[Result "0-1"]
[WhiteElo "2622"]
[BlackElo "2770"]
[Annotator "RC"]
[PlyCount "134"]
[EventDate "2021.12.29"]
[EventType "swiss"]
[EventCountry "POL"]
[Tiebreak "Cut1 Buchholz"]
[SourceTitle "playchess.com"]
[Source "ChessBase"]
[SourceQuality "1"]

1. Nf3 d5 2. g3 Nf6 3. Bg2 e6 4. O-O Be7 5. d3 O-O 6. Nbd2 a5 7. e4 a4 8. Re1
c5 9. e5 Nfd7 10. Nf1 Nc6 11. h4 f6 12. exf6 Nxf6 13. Bf4 a3 14. b3 Bd6 15.
Bxd6 Qxd6 16. d4 cxd4 17. Nxd4 e5 18. Nxc6 bxc6 19. c4 Be6 20. cxd5 cxd5 21.
Ne3 Rad8 22. Rc1 Kh8 23. Qd2 Qb8 24. Qa5 e4 25. Rc6 Bd7 26. Rb6 Qc7 27. Qb4 Qe5
28. Rd1 Qb2 29. Rd2 Qa1+ 30. Kh2 Bc8 31. Qd4 Qe1 32. Rc6 Bd7 33. Rc7 Rc8 34.
Rcc2 Rxc2 35. Rxc2 h6 36. Qd2 Qa1 37. Qb4 Kg8 38. Rd2 Be6 39. Qb6 Re8 40. Qd4
Qe1 41. b4 Qb1 42. Bf1 Rb8 43. b5 Rf8 44. Kg2 Kh8 45. Qe5 Bd7 46. Qd6 Re8 47.
Qxa3 Bxb5 48. Bxb5 Qxb5 49. Qb3 Qc6 50. Qc2 Qa8 51. Qc3 Rc8 52. Qe5 Re8 53. Qd4
Rd8 54. a4 Qa5 55. Ra2 Rc8 56. Nf5 Qe1 57. Ra1 Qe2 58. Nxh6 Qf3+ 59. Kh2 gxh6
60. Ra3 Qf5 61. a5 Kh7 62. a6 Ng4+ 63. Kg2 e3 64. Ra2 exf2 65. Ra1 Rf8 66. Rf1
Qe4+ 67. Qxe4+ dxe4 0-1

[Event "FIDE Open World Blitz 2021"]
[Site "Warsaw"]
[Date "2021.12.30"]
[Round "15.9"]
[White "Bartel, Mateusz"]
[Black "Kosakowski, Jakub"]
[Result "1-0"]
[WhiteElo "2619"]
[BlackElo "2340"]
[Annotator "ChessBase"]
[PlyCount "61"]
[EventDate "2021.12.29"]
[EventType "swiss"]
[EventCountry "POL"]
[Tiebreak "Cut1 Buchholz"]
[SourceTitle "playchess.com"]
[Source "ChessBase"]
[SourceQuality "1"]

1. Nf3 Nf6 2. b3 g6 3. Bb2 Bg7 4. e3 O-O 5. Be2 b6 6. O-O Bb7 7. c4 c5 8. d4
cxd4 9. Nxd4 d5 10. Nc3 dxc4 11. Bxc4 Nc6 12. Nxc6 Bxc6 13. Qe2 Qc7 14. Rac1
Rad8 15. f3 Qb7 16. Nb5 Rd7 17. Nd4 Rc7 18. Ba6 Qa8 19. Rc4 Nd5 20. Rfc1 Bxd4
21. Rxd4 Bb7 22. Bc4 Nf6 23. Bxf7+ Rxf7 24. Rxc7 Qb8 25. Rc1 Nd5 26. e4 Nf4 27.
Qd2 Rf8 28. Rd7 Ba6 29. Rcc7 Ne2+ 30. Kh1 Rf7 31. Rd8+ 1-0

[Event "FIDE Open World Blitz 2021"]
[Site "Warsaw"]
[Date "2021.12.30"]
[Round "15.10"]
[White "Duda, Jan-Krzysztof"]
[Black "Karjakin, Sergey"]
[Result "1-0"]
[WhiteElo "2756"]
[BlackElo "2743"]
[Annotator "ChessBase"]
[PlyCount "105"]
[EventDate "2021.12.29"]
[EventType "swiss"]
[EventCountry "POL"]
[Tiebreak "Cut1 Buchholz"]
[SourceTitle "playchess.com"]
[Source "ChessBase"]
[SourceQuality "1"]

1. Nf3 d5 2. e3 Nf6 3. c4 e6 4. b3 c5 5. Bb2 Nc6 6. cxd5 exd5 7. Bb5 Bd6 8.
Bxc6+ bxc6 9. d3 O-O 10. Nbd2 Bg4 11. h3 Bh5 12. Qc2 Re8 13. O-O Nd7 14. Rfe1
a5 15. a4 h6 16. Rac1 Bg6 17. e4 Qb6 18. Ba1 Bf8 19. g3 Re6 20. Kg2 Rae8 21.
Nh4 Bh7 22. f4 g5 23. f5 R6e7 24. Nhf3 f6 25. g4 Bg7 26. Nf1 Kf8 27. N1d2 Bg8
28. Re2 Bf7 29. Bb2 Kg8 30. Ba3 Qa6 31. Rce1 Bf8 32. Bb2 Bg7 33. h4 Rb8 34.
hxg5 hxg5 35. e5 fxe5 36. Nxe5 Rbe8 37. Ndf3 Nxe5 38. Bxe5 Bh6 39. Bf6 Rxe2+
40. Rxe2 Qc8 41. Bxg5 Bg7 42. Bf4 c4 43. bxc4 dxc4 44. dxc4 Rxe2+ 45. Qxe2 Qa6
46. Ne5 Bxe5 47. Qxe5 Qxc4 48. Kg3 Kh7 49. Kh4 Qf1 50. Kg5 Qh3 51. Qf6 Qb3 52.
Qh6+ Kg8 53. f6 1-0

[Event "FIDE Open World Blitz 2021"]
[Site "Warsaw"]
[Date "2021.12.30"]
[Round "15.10"]
[White "Dziuba, Marcin"]
[Black "Ghaem Maghami, Ehsan"]
[Result "0-1"]
[WhiteElo "2568"]
[BlackElo "2520"]
[Annotator "ChessBase"]
[PlyCount "88"]
[EventDate "2021.12.29"]
[EventType "swiss"]
[EventCountry "POL"]
[Tiebreak "Cut1 Buchholz"]
[SourceTitle "playchess.com"]
[Source "ChessBase"]
[SourceQuality "1"]

1. Nf3 c5 2. g3 Nc6 3. Bg2 g6 4. c4 Bg7 5. O-O d6 6. Nc3 e6 7. e3 Nge7 8. d4
O-O 9. d5 Na5 10. Nd2 a6 11. a4 exd5 12. cxd5 Rb8 13. Qe2 b5 14. axb5 axb5 15.
Rd1 c4 16. Ra2 Qc7 17. Nf3 Nb3 18. Nd4 Nxd4 19. exd4 Nf5 20. Be3 Re8 21. Qd2 b4
22. Ne4 Nxe3 23. fxe3 Bf5 24. Nf2 c3 25. bxc3 bxc3 26. Qe1 c2 27. Rc1 Bxd4 28.
e4 Bxf2+ 29. Qxf2 Bxe4 30. Bxe4 Rxe4 31. Raxc2 Qb6 32. Rc8+ Kg7 33. Rxb8 Qxb8
34. Rf1 f5 35. Re1 Qb4 36. Rxe4 fxe4 37. Qa7+ Kh6 38. Qf7 Qd4+ 39. Kg2 Qe5 40.
Kf2 Qf5+ 41. Qxf5 gxf5 42. Ke3 Kg5 43. h3 h5 44. Kd4 h4 0-1

[Event "FIDE Open World Blitz 2021"]
[Site "Warsaw"]
[Date "2021.12.30"]
[Round "15.11"]
[White "Grischuk, Alexander"]
[Black "Oparin, Grigoriy"]
[Result "1/2-1/2"]
[WhiteElo "2773"]
[BlackElo "2580"]
[Annotator "TA"]
[PlyCount "93"]
[EventDate "2021.12.29"]
[EventType "swiss"]
[EventCountry "POL"]
[Tiebreak "Cut1 Buchholz"]
[SourceTitle "playchess.com"]
[Source "ChessBase"]
[SourceQuality "1"]

1. e4 e5 2. Nf3 Nc6 3. Bb5 a6 4. Ba4 Nf6 5. O-O Nxe4 6. d4 b5 7. Bb3 d5 8. dxe5
Be6 9. c3 Be7 10. Bc2 O-O 11. Nbd2 f5 12. Nb3 Qd7 13. Nbd4 Nxd4 14. Nxd4 c5 15.
Nxe6 Qxe6 16. f3 Ng5 17. Bxg5 Bxg5 18. f4 Be7 19. Qf3 c4 20. Rad1 Bc5+ 21. Kh1
Rad8 22. b3 g6 23. h3 d4 24. bxc4 bxc4 25. cxd4 Rxd4 26. Rxd4 Bxd4 27. Rd1 Rd8
28. Qb7 Bb6 29. Rxd8+ Bxd8 30. Ba4 Qb6 31. Qd7 Qc7 32. Qe6+ Kg7 33. Qxa6 c3 34.
Bc2 Qc5 35. Qd6 Qf2 36. Qxd8 Qxc2 37. Qe7+ Kh6 38. Qg5+ Kg7 39. Qf6+ Kg8 40.
Qe6+ Kg7 41. Qe7+ Kg8 42. Qd8+ Kg7 43. Qf6+ Kg8 44. Qe6+ Kg7 45. Qe7+ Kg8 46.
Qd8+ Kg7 47. Qf6+ 1/2-1/2

[Event "FIDE Open World Blitz 2021"]
[Site "Warsaw"]
[Date "2021.12.30"]
[Round "15.11"]
[White "Holm, Kristian Stuvik"]
[Black "Movsesian, Sergei"]
[Result "0-1"]
[WhiteElo "2471"]
[BlackElo "2615"]
[Annotator "ChessBase"]
[PlyCount "82"]
[EventDate "2021.12.29"]
[EventType "swiss"]
[EventCountry "POL"]
[Tiebreak "Cut1 Buchholz"]
[SourceTitle "playchess.com"]
[Source "ChessBase"]
[SourceQuality "1"]

1. Nf3 d5 2. d4 c6 3. c4 Nf6 4. Nc3 a6 5. e3 Bf5 6. cxd5 cxd5 7. Ne5 e6 8. g4
Be4 9. f3 Bg6 10. h4 h5 11. g5 Ng8 12. Nxg6 fxg6 13. Bd3 Ne7 14. Qb3 Qc7 15.
Bd2 Nbc6 16. O-O-O Nf5 17. Kb1 Be7 18. Ne2 Kf7 19. Rc1 Rhc8 20. Nf4 Bd6 21.
Bxf5 gxf5 22. g6+ Kf6 23. Nd3 Kxg6 24. Rcg1+ Kf7 25. Rg5 g6 26. Rhg1 Ne7 27.
Bb4 Bxb4 28. Nxb4 Qc4 29. Nd3 Qxb3 30. Ne5+ Kf6 31. axb3 Rg8 32. Nd7+ Kf7 33.
Ne5+ Kf6 34. Nd7+ Kg7 35. Nc5 Kf6 36. Nd7+ Kg7 37. Nc5 Kf7 38. Nxb7 Rab8 39.
Na5 Rb5 40. b4 Rxb4 41. Ka2 Ra4+ 0-1

[Event "FIDE Open World Blitz 2021"]
[Site "Warsaw"]
[Date "2021.12.30"]
[Round "15.12"]
[White "Sarana, Alexey"]
[Black "Vidit, Santosh Gujrathi"]
[Result "1-0"]
[WhiteElo "2656"]
[BlackElo "2727"]
[Annotator "ChessBase"]
[PlyCount "87"]
[EventDate "2021.12.29"]
[EventType "swiss"]
[EventCountry "POL"]
[Tiebreak "Cut1 Buchholz"]
[SourceTitle "playchess.com"]
[Source "ChessBase"]
[SourceQuality "1"]

1. d4 Nf6 2. c4 e6 3. Nc3 Bb4 4. e3 O-O 5. Bd3 d5 6. a3 Bxc3+ 7. bxc3 dxc4 8.
Bxc4 c5 9. Ne2 Qc7 10. Bd3 Nc6 11. O-O e5 12. Ng3 Rd8 13. f4 exd4 14. cxd4 cxd4
15. e4 Ng4 16. e5 Qe7 17. Qf3 Be6 18. h3 Ne3 19. Bxe3 dxe3 20. Qxe3 f6 21. Be4
fxe5 22. f5 Bc4 23. f6 gxf6 24. Nf5 Qf8 25. Rf3 Kh8 26. Rg3 Nd4 27. Kh2 Nxf5
28. Bxf5 Rd4 29. Qf3 Qf7 30. Bc2 Rad8 31. Re1 Rd2 32. Bxh7 R8d4 33. Be4 Be6 34.
Qe3 Qf8 35. Rg6 Bg8 36. Qg3 Bh7 37. Rg4 Rxe4 38. Rexe4 b6 39. Rh4 Rd7 40. a4
Rg7 41. Reg4 Re7 42. Rc4 Rd7 43. Qg4 Qf7 44. Rc8+ 1-0

[Event "FIDE Open World Blitz 2021"]
[Site "Warsaw"]
[Date "2021.12.30"]
[Round "15.12"]
[White "Alonso Rosell, Alvar"]
[Black "Kozak, Adam"]
[Result "1-0"]
[WhiteElo "2580"]
[BlackElo "2532"]
[Annotator "ChessBase"]
[PlyCount "74"]
[EventDate "2021.12.29"]
[EventType "swiss"]
[EventCountry "POL"]
[Tiebreak "Cut1 Buchholz"]
[SourceTitle "playchess.com"]
[Source "ChessBase"]
[SourceQuality "1"]

1. d4 Nf6 2. Bf4 d5 3. e3 e6 4. Nf3 Bd6 5. Bxd6 Qxd6 6. c4 O-O 7. c5 Qe7 8. Nc3
Nbd7 9. Be2 c6 10. O-O e5 11. b4 Re8 12. Re1 e4 13. Nd2 Nf8 14. b5 Ng6 15. bxc6
bxc6 16. Qa4 Qe6 17. Rab1 h5 18. Rb3 h4 19. Reb1 h3 20. g3 Bd7 21. Rb7 a5 22.
Rc7 Red8 23. Rb6 Qf5 24. Rcb7 Qg5 25. Qb3 Bg4 26. Bf1 Bf3 27. Rxc6 Ng4 28. Nxf3
exf3 29. Ne4 Qh6 30. Nd6 Rf8 31. Nf5 Qg5 32. Qxd5 Rad8 33. Rxg6 Qxg6 34. Ne7+
Kh7 35. Nxg6 Rxd5 36. Nxf8+ Kh6 37. Rd7 Rg5 1-0

[Event "FIDE Open World Blitz 2021"]
[Site "Warsaw"]
[Date "2021.12.30"]
[Round "15.13"]
[White "Korobov, Anton"]
[Black "Muradli, Mahammad"]
[Result "1/2-1/2"]
[WhiteElo "2684"]
[BlackElo "2571"]
[Annotator "ChessBase"]
[PlyCount "101"]
[EventDate "2021.12.29"]
[EventType "swiss"]
[EventCountry "POL"]
[Tiebreak "Cut1 Buchholz"]
[SourceTitle "playchess.com"]
[Source "ChessBase"]
[SourceQuality "1"]

1. e4 c5 2. Nf3 d6 3. d4 cxd4 4. Nxd4 Nf6 5. Nc3 a6 6. Be2 Nbd7 7. a4 b6 8. Be3
Bb7 9. f3 e6 10. O-O Be7 11. Qe1 O-O 12. Rd1 Qc7 13. g4 Ne5 14. g5 Nfd7 15. f4
Nc6 16. Nxc6 Bxc6 17. Qh4 Rfe8 18. Rf3 Nf8 19. Rh3 d5 20. Bd3 g6 21. f5 exf5
22. exf5 h5 23. fxg6 fxg6 24. Bxg6 Nxg6 25. Qxh5 Bc5 26. Bxc5 Qg7 27. Bd4 Ne5
28. Rf1 Re6 29. Kh1 Rae8 30. Rf6 Rxf6 31. gxf6 Qxf6 32. Qh7+ Kf8 33. Qh8+ Kf7
34. Rh7+ Ke6 35. Qxf6+ Kxf6 36. Rh5 Kg6 37. Rxe5 Rxe5 38. Bxe5 d4+ 39. Kg1 dxc3
40. Bxc3 Bxa4 41. b3 Bc6 42. Bd4 b5 43. c4 bxc4 44. bxc4 Kf5 45. Kf2 Ke4 46.
Bb6 Kd3 47. c5 Kc4 48. h4 Be8 49. Ke3 a5 50. Kf4 a4 51. Bc7 1/2-1/2

[Event "FIDE Open World Blitz 2021"]
[Site "Warsaw"]
[Date "2021.12.30"]
[Round "15.13"]
[White "Mikhalevski, Victor"]
[Black "Zilka, Stepan"]
[Result "0-1"]
[WhiteElo "2577"]
[BlackElo "2593"]
[Annotator "ChessBase"]
[PlyCount "106"]
[EventDate "2021.12.29"]
[EventType "swiss"]
[EventCountry "POL"]
[Tiebreak "Cut1 Buchholz"]
[SourceTitle "playchess.com"]
[Source "ChessBase"]
[SourceQuality "1"]

1. d4 Nf6 2. c4 e6 3. g3 d5 4. Nf3 dxc4 5. Bg2 a6 6. O-O Nc6 7. e3 Rb8 8. Nfd2
e5 9. Bxc6+ bxc6 10. dxe5 Ng4 11. Nxc4 Be6 12. Nbd2 Qd3 13. Qf3 h5 14. Qxc6+
Kd8 15. b3 h4 16. Qe4 Qxe4 17. Nxe4 Bxc4 18. bxc4 Nxe5 19. Rd1+ Kc8 20. Bd2 Bb4
21. Rac1 f5 22. Bxb4 fxe4 23. Bc3 Nf3+ 24. Kg2 hxg3 25. hxg3 Rh2+ 26. Kf1 Rb6
27. Ke2 Rc6 28. Bxg7 Rg6 29. Bc3 Rxg3 30. Rh1 Rgh3 31. Rxh2 Rxh2 32. Rd1 Rh6
33. Rd5 Rb6 34. Rf5 Rb1 35. Rf8+ Kd7 36. Rf7+ Kc6 37. Ba5 Rb2+ 38. Kd1 Rxa2 39.
Rxc7+ Kd6 40. Bb6 Rxf2 41. c5+ Kd5 42. Rd7+ Kc6 43. Rd6+ Kb5 44. Ba7 Ne5 45.
Rb6+ Kc4 46. c6 Rf7 47. Bb8 Kd3 48. Kc1 Rf1+ 49. Kb2 Nc4+ 50. Kb3 Nxb6 51. Kb4
Rf5 52. c7 Rb5+ 53. Ka3 Nc8 0-1

[Event "FIDE Open World Blitz 2021"]
[Site "Warsaw"]
[Date "2021.12.30"]
[Round "15.14"]
[White "Piorun, Kacper"]
[Black "Quparadze, Giga"]
[Result "1-0"]
[WhiteElo "2634"]
[BlackElo "2475"]
[Annotator "ChessBase"]
[PlyCount "70"]
[EventDate "2021.12.29"]
[EventType "swiss"]
[EventCountry "POL"]
[Tiebreak "Cut1 Buchholz"]
[SourceTitle "playchess.com"]
[Source "ChessBase"]
[SourceQuality "1"]

1. e4 c5 2. Nc3 e6 3. g3 a6 4. Bg2 b5 5. Qe2 Nc6 6. Nf3 e5 7. a4 b4 8. Nd5 d6
9. d3 Be7 10. c3 a5 11. Nd2 Nf6 12. Nc4 O-O 13. O-O Ba6 14. f4 Bxc4 15. dxc4
Re8 16. Be3 Rb8 17. Rad1 Bf8 18. f5 bxc3 19. bxc3 Nxd5 20. exd5 Na7 21. Be4 Be7
22. Rb1 Rxb1 23. Rxb1 Bg5 24. h4 Bxe3+ 25. Qxe3 h6 26. Qf2 Qd7 27. f6 Qg4 28.
Bf5 Qxc4 29. Rb7 Qxd5 30. Rxa7 e4 31. Re7 Rxe7 32. fxe7 Qe5 33. Qf4 Qxe7 34.
Qxe4 Qd8 35. Kg2 g6 1-0

[Event "FIDE Open World Blitz 2021"]
[Site "Warsaw"]
[Date "2021.12.30"]
[Round "15.14"]
[White "Peng, Li Min"]
[Black "Berchtenbreiter, Maximilian"]
[Result "1-0"]
[WhiteElo "2412"]
[BlackElo "2506"]
[Annotator "ChessBase"]
[PlyCount "113"]
[EventDate "2021.12.29"]
[EventType "swiss"]
[EventCountry "POL"]
[Tiebreak "Cut1 Buchholz"]
[SourceTitle "playchess.com"]
[Source "ChessBase"]
[SourceQuality "1"]

1. Nf3 g6 2. d4 Bg7 3. g3 c5 4. d5 d6 5. Bg2 Nf6 6. O-O b5 7. a4 Bb7 8. Ne1 a6
9. c4 Nbd7 10. e4 O-O 11. Qc2 Nb6 12. axb5 axb5 13. Rxa8 Qxa8 14. cxb5 e6 15.
dxe6 fxe6 16. Nc3 d5 17. e5 Nfd7 18. f4 Nc4 19. Nf3 Qa7 20. b3 Na3 21. Bxa3
Qxa3 22. h4 Rc8 23. h5 Nf8 24. hxg6 hxg6 25. Nh4 c4 26. b4 Qxb4 27. Nxg6 Nxg6
28. Qxg6 Qxc3 29. Qxe6+ Kh8 30. Qh3+ Kg8 31. Qe6+ Kh8 32. Bf3 Bf8 33. Kg2 Qc2+
34. Rf2 Qh7 35. f5 Bc5 36. Rf1 d4 37. Qf6+ Kg8 38. Qe6+ Kh8 39. Qf6+ Kg8 40.
Qe6+ Kh8 41. Qf6+ Kg8 42. Qe6+ Kf8 43. Qf6+ Ke8 44. Bc6+ Bxc6+ 45. bxc6 Ra8 46.
Qe6+ Kd8 47. Qd5+ Kc7 48. Qxc5 Ra2+ 49. Rf2 Rxf2+ 50. Kxf2 Qh2+ 51. Kf3 Qh1+
52. Kf4 Qf1+ 53. Kg5 d3 54. Qd6+ Kb6 55. c7+ Kb7 56. Qd8 Qc1+ 57. Kg6 1-0

[Event "FIDE Open World Blitz 2021"]
[Site "Warsaw"]
[Date "2021.12.30"]
[Round "15.15"]
[White "Sanal, Vahap"]
[Black "Howell, David W L"]
[Result "1-0"]
[WhiteElo "2590"]
[BlackElo "2648"]
[Annotator "ChessBase"]
[PlyCount "79"]
[EventDate "2021.12.29"]
[EventType "swiss"]
[EventCountry "POL"]
[Tiebreak "Cut1 Buchholz"]
[SourceTitle "playchess.com"]
[Source "ChessBase"]
[SourceQuality "1"]

1. Nf3 d5 2. b3 Bg4 3. Bb2 Bxf3 4. exf3 Nf6 5. g3 g6 6. Bg2 Bg7 7. O-O O-O 8.
c4 c6 9. d3 a5 10. f4 Ne8 11. Qc2 e6 12. Nd2 Bxb2 13. Qxb2 Qf6 14. d4 Nd6 15.
Nf3 Nd7 16. Ne5 Rfd8 17. Rfd1 Nf5 18. Rac1 Qe7 19. a3 a4 20. cxd5 cxd5 21. Rc7
Qd6 22. Rxb7 axb3 23. Rxb3 Rdb8 24. Rdd3 Kg7 25. h4 h5 26. Bh3 Ne7 27. Kg2 Nc6
28. Kh2 Na5 29. Rxb8 Rxb8 30. Qe2 Nc4 31. Nxc4 dxc4 32. Rc3 Nb6 33. Qe4 Rd8 34.
a4 Nxa4 35. Rxc4 Nb6 36. Rc6 Qb8 37. Bxe6 Re8 38. d5 Nd7 39. Qd4+ Nf6 40. Bxf7
1-0

[Event "FIDE Open World Blitz 2021"]
[Site "Warsaw"]
[Date "2021.12.30"]
[Round "15.15"]
[White "Postny, Evgeny"]
[Black "Parligras, Mircea-Emilian"]
[Result "0-1"]
[WhiteElo "2557"]
[BlackElo "2576"]
[Annotator "ChessBase"]
[PlyCount "115"]
[EventDate "2021.12.29"]
[EventType "swiss"]
[EventCountry "POL"]
[Tiebreak "Cut1 Buchholz"]
[SourceTitle "playchess.com"]
[Source "ChessBase"]
[SourceQuality "1"]

1. d4 Nf6 2. c4 e6 3. Nc3 Bb4 4. e3 O-O 5. Bd3 d5 6. Nf3 dxc4 7. Bxc4 c5 8. a3
Bxc3+ 9. bxc3 Qc7 10. Bd3 cxd4 11. O-O dxc3 12. Qc2 e5 13. Ng5 h6 14. Ne4 Nxe4
15. Bxe4 Nd7 16. a4 Nf6 17. Bd3 Be6 18. e4 Rfd8 19. Ba3 Bc4 20. Bxc4 Qxc4 21.
Rac1 Rac8 22. Qb1 Qxe4 23. Qb5 a6 24. Qa5 Qd5 25. Qb6 Qc6 26. Qe3 Qxa4 27. Rxc3
Rxc3 28. Qxc3 Qd4 29. Qc7 e4 30. Bc5 Qd7 31. Qg3 Rc8 32. Be3 Kh8 33. Qe5 Qe6
34. Qb2 b5 35. h3 Rd8 36. Rc1 Qd6 37. Ra1 b4 38. Qb3 Rd7 39. Qc4 Qe6 40. Qc8+
Kh7 41. Qc2 Rd5 42. Qe2 a5 43. Rb1 Qd6 44. Qc2 Rd3 45. Qa4 Qd5 46. Rf1 b3 47.
Qa3 Qc4 48. Qxa5 b2 49. Qf5+ Kg8 50. Bxh6 Qe6 51. Qb5 gxh6 52. Qxb2 Rd5 53.
Qb8+ Kg7 54. Qf4 Qf5 55. Qg3+ Qg6 56. Qc3 Rg5 57. g3 Qf5 58. Qa1 0-1

[Event "FIDE Open World Blitz 2021"]
[Site "Warsaw"]
[Date "2021.12.30"]
[Round "15.16"]
[White "Michalik, Peter"]
[Black "Van Foreest, Jorden"]
[Result "0-1"]
[WhiteElo "2605"]
[BlackElo "2566"]
[Annotator "ChessBase"]
[PlyCount "178"]
[EventDate "2021.12.29"]
[EventType "swiss"]
[EventCountry "POL"]
[Tiebreak "Cut1 Buchholz"]
[SourceTitle "playchess.com"]
[Source "ChessBase"]
[SourceQuality "1"]

1. e4 c6 2. Nf3 d5 3. d3 dxe4 4. dxe4 Qxd1+ 5. Kxd1 Nf6 6. Nbd2 g6 7. Ne5 Bg7
8. Nd3 b6 9. f3 c5 10. a4 Nc6 11. c3 O-O 12. Kc2 Rd8 13. Nc4 Nd7 14. Bg5 Ba6
15. Na3 Rac8 16. Nf2 Bb7 17. Be2 h6 18. Be3 Nde5 19. Kb3 f5 20. Rhd1 fxe4 21.
Nxe4 Na5+ 22. Kc2 Bd5 23. Nd2 Be6 24. Rac1 Bd7 25. Bb5 Be6 26. h3 g5 27. Ba6
Rc7 28. Be2 Rcd7 29. Bb5 Rd6 30. Be2 Bf7 31. Kb1 Nd3 32. Rc2 Nf4 33. Bxf4 gxf4
34. Kc1 Bb3 35. Ne4 Rxd1+ 36. Bxd1 Bxc2 37. Bxc2 Be5 38. Nd2 Kf7 39. Nac4 Nxc4
40. Bb3 e6 41. Bxc4 Ke7 42. Ne4 Bf6 43. Kc2 Bh4 44. Be2 Rg8 45. Bf1 Rd8 46. Be2
Bf6 47. Ba6 Be5 48. Bb5 Kf7 49. Bc4 Ke7 50. Bb5 Bc7 51. Ba6 Rg8 52. Bf1 Kd8 53.
Kb3 Rg7 54. Kc2 Kc8 55. Nf6 Bd8 56. Ne4 Be7 57. Kb3 Kb7 58. Kc2 Rg8 59. Kb3 Rd8
60. Kc2 Rg8 61. Kb3 a6 62. Kc2 Ka7 63. Kb3 Rb8 64. Bc4 b5 65. axb5 axb5 66.
Bxe6 c4+ 67. Kc2 Kb6 68. Bd5 Rd8 69. Be6 Ra8 70. Kb1 Bc5 71. Bf7 Ra7 72. Be6
Rg7 73. Bg4 Be3 74. Nf6 Ka5 75. Kc2 Rg6 76. Ne4 h5 77. Bxh5 Rxg2+ 78. Kb1 Rg1+
79. Ka2 Bc1 80. Kb1 Be3+ 81. Ka2 Rg2 82. Kb1 Ka4 83. Ka2 Bc1 84. Kb1 Bxb2 85.
Bf7 Kb3 86. Nc5+ Kxc3 87. Ne4+ Kb4 88. h4 Bd4 89. h5 c3 0-1

[Event "FIDE Open World Blitz 2021"]
[Site "Warsaw"]
[Date "2021.12.30"]
[Round "15.16"]
[White "Mitrabha, Guha"]
[Black "Van Foreest, Lucas"]
[Result "1-0"]
[WhiteElo "2370"]
[BlackElo "2532"]
[Annotator "ChessBase"]
[PlyCount "117"]
[EventDate "2021.12.29"]
[EventType "swiss"]
[EventCountry "POL"]
[Tiebreak "Cut1 Buchholz"]
[SourceTitle "playchess.com"]
[Source "ChessBase"]
[SourceQuality "1"]

1. d4 Nf6 2. Nf3 d5 3. Bf4 c5 4. e3 e6 5. Nbd2 Nc6 6. c3 Be7 7. Bd3 Nh5 8. Be5
Nxe5 9. Nxe5 Nf6 10. f4 Bd7 11. O-O Qb6 12. Rb1 Bb5 13. Bxb5+ Qxb5 14. Qb3 Qxb3
15. axb3 Nd7 16. Ra1 f6 17. Nxd7 Kxd7 18. Ra5 Bd8 19. Ra4 Bb6 20. Kf2 Rhe8 21.
Nf3 cxd4 22. exd4 Bc7 23. g3 h6 24. h4 a6 25. Raa1 Bd6 26. h5 e5 27. dxe5 fxe5
28. fxe5 Bxe5 29. Rad1 Kc6 30. Rd3 Bf6 31. Rfd1 Rad8 32. Re1 Rxe1 33. Nxe1 d4
34. c4 Kc5 35. Rf3 Re8 36. Nd3+ Kc6 37. b4 Re4 38. b3 b6 39. Nf4 Be5 40. Nd3
Bd6 41. Kf1 Rg4 42. Nf2 Rxg3 43. Rxg3 Bxg3 44. Nd3 Kd6 45. Kg2 Be5 46. Kf3 Bf6
47. Ke4 Kd7 48. Kd5 Kc7 49. Ke6 Kc6 50. Nf4 Kb7 51. Kd7 Bg5 52. Nd3 Bf6 53. Kd6
Bg5 54. Kd7 Bf6 55. c5 bxc5 56. bxc5 Bd8 57. Kxd8 Kc6 58. Ke7 Kc7 59. Kf7 1-0

[Event "FIDE Open World Blitz 2021"]
[Site "Warsaw"]
[Date "2021.12.30"]
[Round "15.17"]
[White "Indjic, Aleksandar"]
[Black "Ter-Sahakyan, Samvel"]
[Result "0-1"]
[WhiteElo "2603"]
[BlackElo "2565"]
[Annotator "ChessBase"]
[PlyCount "74"]
[EventDate "2021.12.29"]
[EventType "swiss"]
[EventCountry "POL"]
[Tiebreak "Cut1 Buchholz"]
[SourceTitle "playchess.com"]
[Source "ChessBase"]
[SourceQuality "1"]

1. d4 Nf6 2. Nf3 d5 3. Bf4 Bf5 4. e3 e6 5. c4 Bxb1 6. Qxb1 Bb4+ 7. Kd1 dxc4 8.
Bxc4 Nbd7 9. Ke2 Bd6 10. Bg3 Qe7 11. Qc2 O-O 12. Rhd1 c5 13. Qb3 Bxg3 14. hxg3
b5 15. Bxb5 Rfb8 16. Qd3 a6 17. Bxd7 Rxb2+ 18. Rd2 Rxd2+ 19. Qxd2 Qxd7 20. Rb1
cxd4 21. Qxd4 Qc7 22. Qd2 Rc8 23. Nd4 Ne4 24. Qd3 Nc3+ 25. Kf3 Nxb1 26. Qxb1 g6
27. g4 e5 28. Ne2 e4+ 29. Qxe4 Qc6 30. Nd4 Qxe4+ 31. Kxe4 Rc3 32. a4 Ra3 33.
Kd5 Rxa4 34. f4 Ra3 35. e4 Rg3 36. g5 Rxg2 37. e5 a5 0-1

[Event "FIDE Open World Blitz 2021"]
[Site "Warsaw"]
[Date "2021.12.30"]
[Round "15.17"]
[White "Costachi, Mihnea"]
[Black "Teclaf, Pawel"]
[Result "0-1"]
[WhiteElo "2463"]
[BlackElo "2543"]
[Annotator "ChessBase"]
[PlyCount "192"]
[EventDate "2021.12.29"]
[EventType "swiss"]
[EventCountry "POL"]
[Tiebreak "Cut1 Buchholz"]
[SourceTitle "playchess.com"]
[Source "ChessBase"]
[SourceQuality "1"]

1. d4 e6 2. c4 b6 3. e4 Bb4+ 4. Bd2 Bxd2+ 5. Qxd2 d5 6. cxd5 exd5 7. e5 Ne7 8.
Nf3 O-O 9. Be2 c5 10. O-O Nbc6 11. dxc5 bxc5 12. Nc3 Bg4 13. Rfe1 Rb8 14. h3
Bh5 15. Rac1 Bxf3 16. Bxf3 Nd4 17. Bg4 Qa5 18. b3 Rfd8 19. Qg5 Qc7 20. Ne2
Nxe2+ 21. Rxe2 Ng6 22. e6 fxe6 23. Rxe6 Rf8 24. Ree1 Rbd8 25. Bf3 Qd6 26. Rcd1
d4 27. Be4 Nf4 28. Bd3 h6 29. Qg4 Qf6 30. Bc4+ Kh8 31. Qf3 Rde8 32. Rxe8 Rxe8
33. Qg3 Rd8 34. Kh2 Rf8 35. Re1 Nh5 36. Qg4 Qxf2 37. Re7 Qf4+ 38. Qxf4 Nxf4 39.
g3 Ng6 40. Rxa7 Rd8 41. Kg2 d3 42. Rc7 d2 43. Be2 d1=Q 44. Bxd1 Rxd1 45. a4
Rd2+ 46. Kf1 Rd3 47. a5 Rxb3 48. a6 Ra3 49. a7 Kh7 50. Ke2 Ne5 51. Rxc5 Nf7 52.
Rc7 Nd6 53. g4 Nb5 54. Rc8 Nxa7 55. Ra8 Nb5 56. Rb8 Nd4+ 57. Kf2 Rxh3 58. Kg2
Rf3 59. Rd8 Rf4 60. Kg3 Ne2+ 61. Kh3 Rf7 62. Re8 Nf4+ 63. Kg3 Ng6 64. Ra8 Rf8
65. Ra3 Nh8 66. Rb3 Nf7 67. Ra3 Ng5 68. Ra7 Rf3+ 69. Kg2 Rf6 70. Ra4 Kg6 71.
Rb4 h5 72. gxh5+ Kxh5 73. Ra4 Rf5 74. Rb4 Nh7 75. Kg3 Nf6 76. Kh3 g5 77. Kg3
Kg6 78. Rb6 Rf4 79. Rb8 Rd4 80. Rb3 Rc4 81. Rb6 Rc3+ 82. Kg2 g4 83. Rb5 Rd3 84.
Ra5 Rd5 85. Ra8 Kg5 86. Ra3 Rd2+ 87. Kg1 Ne4 88. Ra8 Kf4 89. Ra3 Rc2 90. Rb3
Rc3 91. Rb8 Kg3 92. Rb1 Nd2 93. Ra1 Nf3+ 94. Kh1 Re3 95. Rf1 Re1 96. Rxe1 Nxe1
0-1